Fr. Conceicao Rodrigues College of Engineering

MANUFACTURING TECH-1 (Record no. 27729)

MARC details
000 -LEADER
fixed length control field 00290nam a2200145Ia 4500
082 ## - DEWEY DECIMAL CLASSIFICATION NUMBER
Classification number 620.1/RAO
100 ## - MAIN ENTRY--PERSONAL NAME
Personal name Rao/P.N.
245 ## - TITLE STATEMENT
Title MANUFACTURING TECH-1
260 ## - PUBLICATION, DISTRIBUTION, ETC.
Name of publisher, distributor, etc. Newnes
Place of publication, distribution, etc. Oxford
Date of publication, distribution, etc. 2006
366 ## - TRADE AVAILABILITY INFORMATION
Publishers's discount category 25
300 ## - PHYSICAL DESCRIPTION
Extent 400
546 ## - LANGUAGE NOTE
Language note ENGLISH
650 ## - SUBJECT ADDED ENTRY--TOPICAL TERM
Topical term or geographic name entry element PRODUCTION
942 ## - ADDED ENTRY ELEMENTS (KOHA)
Koha item type BOOK
Holdings
Withdrawn status Lost status Damaged status Not for loan Collection Home library Current library Date acquired Source of acquisition Cost, normal purchase price Inventory number Total Checkouts Full call number Barcode Date last seen Cost, replacement price Price effective from Koha item type
        AFT Fr. Agnel's C.Rodrigues College of Engineering Fr. Agnel's C.Rodrigues College of Engineering 17/03/2023 Book World 206.25 13/31/03   620.1/RAO AFT8145 17/03/2023 275.00   BOOK